000 00890nam a2200241Ii 4500
003 JO-AjNU
008 230605s9999||||xx |||||||||||||| ||und||
017 _a86/4893
020 _a977-103-285-2
040 _aJO-AjNU
_bara
_erda
_cJO-AjNU
041 _aara
050 1 4 _aK2205.4.S2264.1987
100 3 _a سعد ، نبيل ابراهيم ,
_eauthor
_98485
245 0 0 _aالتضامم ومبدا عدم افتراض التضامن " دراسة تحليلية مقارنة "
250 _a(د،ط)
264 3 1 _aالاسكندرية : منشأة المعارف ، 1987
300 _a127ص
336 _atext
_btxt
_2rdacontent
337 _aunmediated
_bn
_2rdamedia
338 _avolume
_bnc
_2rdacarrier
490 0 _aالكتب القانونية
650 4 _aالعقود ( قانون مدني ) مصر -- الالتزامات -- قوانين وتشريعات -- مصر
_98486
999 _aA813
_c4381
_d4381